Dojednanie odstupného v obchodných vzťahoch (Zrušenie obchodnej zmluvy na základe odstupného)

Bibliographic Details
Main Author: Fekete, Imrich, 1955- (Author)
Format: Article
Language:Slovak
ISSN:1335-0714
Subjects:

MARC

LEADER 00000nab a2200000 a 4500
001 vtls000663348
003 SK-MaSNL
005 20260303121756.0
008 180205c1998 xo 0 slo
015 |a SNBRB1998/06-17260 
035 |a CLN000015535 
040 |a SNKBUCL  |b slo  |c SNKBUCL  |e AACR2 
041 0 |a slo 
044 |a xo  |c SK 
080 |a 347.74:347.439  |2 UDC-MRF-SK2 
080 |a 347.439  |2 UDC-MRF-SK2 
100 1 |a Fekete, Imrich,  |d 1955-  |4 aut  |9 102693 
245 1 0 |a Dojednanie odstupného v obchodných vzťahoch  |b (Zrušenie obchodnej zmluvy na základe odstupného)  |c Imrich Fekete 
650 0 7 |a odstupné  |2 SNKPH  |9 662955 
650 0 7 |a obchodné zmluvy  |2 SNKPH  |9 13907 
655 7 |a články z novín a časopisov  |2 SNK  |9 267496 
773 0 |x 1335-0714  |t Ekonomický a právny poradca podnikateľa  |g Č. 11 (1998), s. 144-148 
850 |a Slovenská národná knižnica v Martine 
852 |a SNK  |b KIS3GCP 
958 |a RBX 
999 |c 1917613  |d 1919543